| 000 | 00811nam a2200193 i 4500 | ||
|---|---|---|---|
| 001 | 63147 | ||
| 003 | ES-MaACL | ||
| 005 | 20230906164809.0 | ||
| 007 | t| | ||
| 008 | 031201s1959 sp ||||1| spa d | ||
| 100 | 1 |
_aFernández-Ruiz, César. _950054 |
|
| 245 | 1 | 3 |
_aLa trascendencia del arte en la evolución histórica de la medicina / _cdiscurso Cesar Fernández-Ruiz ; contestación por Leopoldo Cortejoso Villanueva. |
| 260 |
_aValladolid : _bSever, _c1959 ( _fCuesta) |
||
| 300 |
_a37 p., 101 lám. ; _c24 cm. |
||
| 500 | _aPrecede al tít.: Real Academia de Bellas Artes de la Purísima Concepción de Valladolid. | ||
| 700 | 1 |
_aCortejoso Villanueva, Leopoldo. _940841 |
|
| 710 | 2 |
_aReal Academia de Bellas Artes de la Purísima Concepción de Valladolid. _96289 |
|
| 852 |
_aES-MaACL _j2020-F-4 _bR.44500 |
||
| 999 |
_c63147 _d63147 |
||